Clic Ce sont des départements mais aussi... (9) - Statistiques

Statistiques générales
  • Ce quiz a été pris 18 fois
  • Le résultat moyen est 23 sur 50
Statistiques - réponses
Hint Explanation Réponse % Correct
Meurthe est un satellite de Saturne FAUX
87%
La Maine est un affluent de la Loire qui entre dans le nom du Maine-et-Loire VRAI
80%
Martinique est un apéritif FAUX
73%
Essonne est un personnage de la mysthologie grecque Eson existe FAUX
67%
Le vosge est un passereau FAUX
67%
Le Maine est un ancien comté VRAI
67%
Le Vaucluse devrait s'appeler la Sorgue Car c'est la source de la Sorgue qui se trouve à Fontaine-de-Vaucluse VRAI
67%
Il existe un porc, un cheval, un lapin et un mouton dits de Vendée et aussi un griffon vendéen ! VRAI
60%
Le Tarn est un affluent de la Garonne VRAI
60%
La Garonne est un fleuve qui entre dans le nom du Tarn-et-Garonne et de la Haute-Garonne VRAI
60%
Les Pyrénées sont une chaine montagneuses franco-espagnole VRAI
60%
La Meurthe est un ancien département français VRAI
60%
Le Vendée Globe est une course de voiliers VRAI
60%
L'Yonne est une série de romans de fantasy Lyonesse de Jack Vance FAUX
53%
Le Tarn est un sommet des pyrénées FAUX
53%
Le Corse est un vin AOC VRAI
53%
La Guyane est un département d'Amérique VRAI
53%
La somme est le résultat de l'addition VRAI
53%
Le tour de Vendée est une course cycliste VRAI
53%
Provence est le nom d'une actrice française Prénommée Denise VRAI
53%
Essonne est une commune du Calvados Esson FAUX
47%
L'Yonne est un ministre de Louis XIV Hugues de Lionne plus exactement FAUX
47%
Garonne est une chanson de Claude Nougaro FAUX
47%
Guadeloupe est un prénom féminin français Il existe Guadalupe en Espagne FAUX
47%
Le Loir est un affluent de l'Allier La Loire FAUX
47%
Var est l'abréviation de variable VRAI
47%
La Réunion est une communauté créée au Texas au XIXe siècle VRAI
47%
Loir est une kayakiste française Prénommée Caroline VRAI
47%
La Réunion est un récit de Roger Vailland de 1964 VRAI
47%
Le Loir est un affluent de la Sarthe qui entre dans le nom du Loir-et-Cher VRAI
47%
Vaucluse est une ancienne commune du Vaucluse De nos jours Fontaine-de-Vaucluse VRAI
47%
Yonne est une station du métro de Lyon FAUX
40%
Vosges est le nom d'une automobile électrique du XIXe FAUX
40%
La Maine est une rivière écossaise irlandaise FAUX
40%
Guadeloupe est un monastère dans les Pyrénées Il existe un monastère de Guadalupe en Espagne en Extremadure FAUX
40%
Le Vendée est un fromage IGP FAUX
40%
Vosges est une station du métro parisien Mais il existe une place des Vosges FAUX
40%
La Guyane est une région du Venezuela VRAI
40%
Réunions est une série télévisée de 2020 VRAI
33%
L'Essonne est une rivière de la Marne FAUX
27%
Guyane est une série télévisée VRAI
27%
La Vienne est un affluent de la Seine VRAI
27%
Vaucluse est un astéroïde VRAI
27%
Yveline est le prénom d'une actrice Yveline Ailhaud VRAI
27%
La Somme est une rivière belge VRAI
27%
La Somme est un affluent de la Loire VRAI
27%
Vaucluse est une commune d'Australie VRAI
27%
Le mot Yvelines apparait dans le nom de 7 communes du département Clairefontaine, Dampierre, Meulan, Le Perray, Prunay, La Queue, Rochefort, Saint-Arnoult, Saint-Léger et Vieille-Eglise donc 10 - Saint-Quentin n'est pas une commune FAUX
20%
La Provence est un fleuve côtier VRAI
20%
La corse est une attitude au volley-ball VRAI
20%
Aucun quiz correspondant
Distribution des résultats
% des personnes avec chaque résultat
Percentile par nombre de réponses
Votre historique - résultats
Vous n’avez pas pris ce quiz